Bidura-nīti o nīti-pradīpa. (Record no. 64174)

MARC details
000 -LEADER
fixed length control field 00575cam a22002291 4500
001 - CONTROL NUMBER
control field sa 65005189
003 - CONTROL NUMBER IDENTIFIER
control field DLC
005 - DATE AND TIME OF LATEST TRANSACTION
control field 20260227112136.0
008 - FIXED-LENGTH DATA ELEMENTS--GENERAL INFORMATION
fixed length control field 941012s1962 ii 000 0 orio
010 ## - LIBRARY OF CONGRESS CONTROL NUMBER
LC control number sa 65005189
025 ## - OVERSEAS ACQUISITION NUMBER
Overseas acquisition number PL480:I-O-445
035 ## - SYSTEM CONTROL NUMBER
System control number (OCoLC)31273831
040 ## - CATALOGING SOURCE
Original cataloging agency DLC
Transcribing agency CU
Modifying agency CU
-- DLC
050 00 - LIBRARY OF CONGRESS CALL NUMBER
Classification number PK2581.S3
Item number M5
100 1# - MAIN ENTRY--PERSONAL NAME
Personal name Misra, Pranabandhu.
245 10 - TITLE STATEMENT
Title Bidura-nīti o nīti-pradīpa.
260 ## - PUBLICATION, DISTRIBUTION, ETC.
Date of publication, distribution, etc. [1962]
300 ## - PHYSICAL DESCRIPTION
Extent 73 p.
Dimensions 18 cm.
500 ## - GENERAL NOTE
General note In Oriya.
500 ## - GENERAL NOTE
General note Poems.
650 #0 - SUBJECT ADDED ENTRY--TOPICAL TERM
Topical term or geographic name entry element Sanskrit poetry
General subdivision Translations into Oriya.

No items available.

Powered by Koha